01030 a2200193 45000010006000000050017000060080041000230030015000640400040000790800048001192450053001670200018002202500012002382640044002503000025002945050487003190410008008061000022008144140320260407155708.0260407a1986 arg spa dAR-UNSa-BCEJYS aAR-UNSa-BCEJYSbspacAR-UNSa-BCEJYS a347.44xContratos en general. Obligaciones 10aResolución de los contratos por incumplimiento a950-14-0315-7 a2a. ed. 1aBuenos Aires :bEdiciones Depalmac1986 axiii, 381 p.c23 cm. a1. Preliminares - 2. Análisis de conceptos - 3. Resolución por incumplimiento. Antecedentes - 4. Concepto, fundamento, naturaleza y función de la resolución por incumplimiento - 5. Presupuestos de la resolución por incumplimiento - 6. Mecanismo para la resolución extrajudicial por autoridad del acreedor - 7. Pacto comisorio expreso - 8. El problema de la opción - 9. La resolución judicial - 10. Efectos de la resolución - 11. Casos especiales - 12. Conclusiones aspa1 aMiquel, Juan Luis